| 000 | 00000nas 2200000za 4500 |
| 001 | 9.805030 |
| 003 | CaOODSP |
| 005 | 20231208112840 |
| 007 | cr ||||||||||| |
| 008 | 151028c20149999onc x m o f000#a0eng|d |
| 040 | |aCaOODSP|beng |
| 043 | |an-cn--- |
| 086 | 1 |aPS82-4E-PDF |
| 245 | 00|aResearch in brief |h[electronic resource]. |
| 260 | |a[Ottawa] : |bCorrectional Service Canada, |c2014- |
| 310 | |aIrregular |
| 362 | 1 |aBegan with no. 14-11. |
| 500 | |aIssues have distinct titles. |
| 500 | |aIssued also in French under title: Extrait de recherche. |
| 500 | |aAlternates numbering with related title, Research snippet (PS82-3E-PDF). |
| 692 | 07|2gccst|aCriminal justice |
| 692 | 07|2gccst|aResearch |
| 710 | 1 |aCorrectional Service Canada. |bResearch Branch. |
| 775 | 08|tExtrait de recherche |w(CaOODSP)9.503046 |
| 775 | 08|tRecherche en bref |w(CaOODSP)9.805235 |
| 787 | 18|iContinuous numbering with : |tResearch snippet |w9.506659 |